Statistiken für Deutsche Songs mit Körperteilen im Titel

Klicken Sie hier um das Quiz zu spielen!

Allgemein

  • Dieses Quiz wurde 701 mal gespielt
  • Das Durchschnittsergebnis liegt bei 12 aus 16

Antwortstatistiken

InterpretTitel% Korrekt
JorisHerz über {Kopf}
99%
Pe WernerKribbeln im {Bauch}
95%
Tim ToupetDu hast die {Haare} schön
94%
Heinz Rudolf KunzeDein ist mein ganzes {Herz}
93%
Cliff RichardRote {Lippen} soll man küssen
92%
Alex C & YassDu hast den schönsten {Arsch} der Welt
87%
Fettes BrotLass die {Finger} von Emanuela
86%
MuhabbetSie liegt in meinen {Armen}
86%
AnnenMayKantereitBar{fuß} am Klavier
85%
Torfrock{Bein}hart
85%
Oomph!{Augen} auf
78%
K.I.ZUrlaub fürs {Gehirn}
71%
SDP{Hände} hoch!
70%
Gus BackusBohnen in die {Ohren}
48%
Thomas D.{Rücken}wind
43%
Wir sind Helden{Rüssel} an Schwanz
5%

Verteilung der Resultate

Perzentil nach korrekt beantworteten Fragen

Anzahl Personen mit jedem Resultat

Ihre Resultats-Entwicklung

Sie haben dieses Quiz noch nicht gespielt